| 000 | 01077nam a2200205 a 4500 | ||
|---|---|---|---|
| 008 | 100929s2004 ||||||||||||||||| || u | ||
| 020 | _a0131008455 | ||
| 050 | _aQD 455.3.M3 Bar | ||
| 100 | _aBarrante, James R | ||
| 245 | 1 | 0 |
_aApplied mathematics for physical chemistry. -- 3rd ed. _cby James R. Barrante |
| 250 | _a3rd ed. | ||
| 260 |
_aUpper Saddler River: _bPearson / Prentice Hall _c2004 |
||
| 300 | _avii, 248p.: ill. | ||
| 350 | _a0.00 | ||
| 650 | 0 | _aCHEMISTRY, PHYSICAL AND THEORETICAL--MATHEMATICAL MODELS | |
| 650 | 0 | _aCHEMISTRY, PHYSICAL ORGANIC | |
| 995 |
_aANNEX COLLECTION (Main Library) _D0.00 _e741742 _FCBU-MAIN LIBRARY (Kitwe) _H1 _I0.00 _jQD 455.3.M3 Bar _M1 _UAVAILABLE _WOct 11, 2010 _y741742 _ZAnnex Low-Usage Collection |
||
| 995 |
_aANNEX COLLECTION (Main Library) _e743762 _FCBU-MAIN LIBRARY (Kitwe) _I0.00 _jQD 455.3.M3 Bar _M2 _UAVAILABLE _WMay 31, 2013 _y743762 _ZAnnex Low-Usage Collection |
||
| 995 |
_aMAIN LIBRARY OPEN ACCESS _e743763 _FCBU-MAIN LIBRARY (Kitwe) _I0.00 _jQD 455.3.M3 Bar _M3 _UAVAILABLE _WMay 31, 2013 _y743763 _ZMain Library Open Access Collection |
||
| 999 |
_c84293 _d84293 |
||